Sports Quiz

Random Sports or Basketball Quiz
Score 0/43 Timer 05:00
6 Plays Today
Team Player % Correct
2010 OKCKevin Durant
94.1%
2012 OKCKevin Durant
94%
2013 OKCKevin Durant
94%
2008 CLELeBron James
93.8%
2009 CLELeBron James
93.8%
2010 CLELeBron James
93.8%
2002 DALDirk Nowitzki
80.3%
2003 DALDirk Nowitzki
80.3%
2004 DALDirk Nowitzki
80.3%
2005 DALDirk Nowitzki
80.3%
2009 MIADwyane Wade
79.7%
1995 CHIScottie Pippen
73.2%
2000 TORVince Carter
69.8%
2001 TORVince Carter
69.7%
2002 PORRasheed Wallace
69.4%
2006 DETRasheed Wallace
69.4%
2007 DETRasheed Wallace
69.4%
2008 DETRasheed Wallace
69.4%
1999 BOSPaul Pierce
66.8%
2002 BOSPaul Pierce
66.8%
2003 PHOShawn Marion
60.9%
2004 PHOShawn Marion
60.9%
Team Player % Correct
2005 PHOShawn Marion
60.9%
2006 PHOShawn Marion
60.9%
2007 PHOShawn Marion
60.9%
2008 PHO, MIAShawn Marion
60.9%
2014 ATLPaul Millsap
57.6%
2008 INDDanny Granger
53.5%
2009 INDDanny Granger
53.5%
2011 MEMRudy Gay
48.1%
2013 PORNicolas Batum
41.6%
1995 HOURobert Horry
33.4%
1996 HOURobert Horry
33.4%
1996 PHIJerry Stackhouse
22%
2001 PHOClifford Robinson
19.7%
1995 PORClifford Robinson
19.7%
1999 PHOClifford Robinson
19.7%
2002 DETClifford Robinson
19.7%
2003 DETClifford Robinson
19.7%
2002 MEMShane Battier
12.4%
2003 MEMShane Battier
12.4%
2004 CHI, TORDonyell Marshall
4%
2009 SACFrancisco Garcia
3%

You're not logged in!

Compare scores with friends on all Sporcle quizzes.
OR
Log In

Sporcle TV

Today on Sporcle TV


Watch our educational content, quiz creation guides, and fun videos on Sporcle TV.

Show Comments

Extras

Top Quizzes Today


Score Distribution

Your Account Isn't Verified!

In order to create a playlist on Sporcle, you need to verify the email address you used during registration. Go to your Sporcle Settings to finish the process.

Report this User

Report this user for behavior that violates our Community Guidelines.

Details: